000 00556nam a2200205Ia 4500
005 20240801091112.0
008 131103s9999 xx 000 0 und d
040 _aLoreto College
041 _aEnglish
082 _a822.33
_bTAY
100 _aShakespeare, William
245 _aTwelfth night or what you will
_cWilliam Shakespeare;arranged by Henry S. Taylor
260 _aLondon
_bGinn
_c1960
300 _a108p
440 _aA shorter Shakespeare
650 _aEnglish drama
700 _aTaylor, Henry S. arr
850 _aLCBED
942 _cBK
999 _c29432
_d79911